ABRAMZON (Registro nro. 12262)

Detalles MARC
000 -LEADER
longitud fija campo de control 01731 ab a2200541 a 4500
003 - IDENTIFICADOR DE NUMERO DE CONTROL
control del campo AR-RoUNA
008 - CAMPO DE CONTROL - LIBROS
longitud fija campo de control 140529||||||||||||||||| |||| 0|||| d
022 ## - ISSN
ISSN 16695380
040 ## - ORIGEN DE LA CATALOGACION
Agencia que cataloga la obra original AR-RoUNA
Idioma en que se cataloga spa
041 ## - CODIGO DE IDIOMA
Codigo de idioma del texto / sonido o titulo separado spa
245 ## - TITULO PROPIAMENTE DICHO
Titulo ABRAMZON
Numero de la parte / seccion de una obra 1:100 Nº 71
260 ## - EDITORIAL - PUBLICACION, DISTRIBUCION, ETC. (Pie de imprenta)
Lugar de publicacion, distribucion, etc Buenos Aires, Argentina :
Nombre del editor, distribuidor, etc 1:100 Ediciones,
Fecha de publicacion 2012
300 ## - DESCRIPCION FISICA
Extension 271 p. :
Otros detalles fisicos fot. col.,
-- planos,
-- plantas,
Dimensiones 20x15 cm
Material complementario Plano
490 ## - MENCION DE SERIE
Titulo de la serie 1:100 : selección de obras
Número Internacional Normalizado para Publicaciones Seriadas (ISSN) 1669-5380 ; nº 71 (ago 2025)
505 0# - NOTA DE CONTENIDO CON FORMATO
Título principal Arq. Porta Juan Pablo/ Equilibrio operativo. p.6
505 0# - NOTA DE CONTENIDO CON FORMATO
Título principal 11 de Septiembre. p. 10
505 0# - NOTA DE CONTENIDO CON FORMATO
Título principal Entreverdes Acuña.P.20
505 0# - NOTA DE CONTENIDO CON FORMATO
Título principal El Salvador I. p. 48
505 0# - NOTA DE CONTENIDO CON FORMATO
Título principal Floralis. p. 58
505 0# - NOTA DE CONTENIDO CON FORMATO
Título principal Concurso escuela del futuro. p. 68
505 0# - NOTA DE CONTENIDO CON FORMATO
Título principal Entreverdes CONDE. p. 78
505 0# - NOTA DE CONTENIDO CON FORMATO
Título principal Casa ML. p. 92
505 0# - NOTA DE CONTENIDO CON FORMATO
Título principal Dojo. p.106
505 0# - NOTA DE CONTENIDO CON FORMATO
Título principal Concurso Museo Nacional de Fútbol. p. 118
505 0# - NOTA DE CONTENIDO CON FORMATO
Título principal Plan H. p. 128
505 0# - NOTA DE CONTENIDO CON FORMATO
Título principal Romero. p. 138
505 0# - NOTA DE CONTENIDO CON FORMATO
Título principal Black Echeverría. p. 150
505 0# - NOTA DE CONTENIDO CON FORMATO
Título principal BOLD. p. 164
505 0# - NOTA DE CONTENIDO CON FORMATO
Título principal Casa AZ. p. 178
505 0# - NOTA DE CONTENIDO CON FORMATO
Título principal Casa GC. p. 190
505 0# - NOTA DE CONTENIDO CON FORMATO
Título principal Costa Rica. p. 204
505 0# - NOTA DE CONTENIDO CON FORMATO
Título principal Beit Jabao Buschiazzo. p. 214
505 0# - NOTA DE CONTENIDO CON FORMATO
Título principal Casa CPC. p. 224
505 0# - NOTA DE CONTENIDO CON FORMATO
Título principal FLIK. p. 236
505 0# - NOTA DE CONTENIDO CON FORMATO
Título principal Verdant. p. 250
505 0# - NOTA DE CONTENIDO CON FORMATO
Título principal Entrevista. p. 264
505 0# - NOTA DE CONTENIDO CON FORMATO
Título principal Mobiliario. p. 269
600 ## - MATERIA - NOMBRES PERSONALES
Nombre personal Estudio AMBRAZON
9 (RLIN) 6822
600 ## - MATERIA - NOMBRES PERSONALES
Nombre personal Maria Besonias
9 (RLIN) 6823
650 ## - MATERIA - TERMINO TEMATICO
Término tematico general Vivienda Unifamiliar
9 (RLIN) 976
773 0# - ENTRADA DEL ITEM MAYOR
Entrada principal 1:100:
Lugar, editorial y fecha de la publicación Buenos Aires, 1:100 Ediciones
Vol. - nro. (mes-año), pág. nº 71 (ago 2025) p. 272
ISSN 16695380
856 ## - LOCALIZACION ELECTRONICA Y ACCESO
Identificador uniforme de recursos <a href="http://www.revista1en100.com.ar/">http://www.revista1en100.com.ar/</a>
908 ## - SOPORTE
Soporte Imp
942 ## - FUENTE DE CLASIFICACION
Clasificacion Universal Decimal Classification
Tipo de item Analítica
945 ## - INFORMACION DE PROCESAMIENTO
Codigo del operador MBP
Fecha de ingreso o modificacion 2023-08-04
980 ## - EQUIVALENCE OR CROSS-REFERENCE-SERIES STATEMENT--PERSONAL NAME/TITLE [LOCAL, CANADA]
Field link and sequence number 1
Miscellaneous information Maricel Allasia
Linkage 1
Personal name Maricel Allasia
Existencias
Estado retiro Estado perdido Sistema de clasificacion Estado general Restricciones de uso Biblioteca de origen Ubicacion actual Localizacion en estante Fecha de adquisicion Fuente de adquisicion Prestamos totales Numero de inventario (BARCODE) Fecha ultima visto Numero de ejemplar Fecha del precio de reemplazo Tipo de elemento KOHA Número de Kardex Nota no publica
Disponible Disponible udc No dañado Ningun uso de restricciones Arq. Hilarión H. Larguia Arq. Hilarión H. Larguia Heme 26/11/2025 Suscripción   1002874 26/11/2025 ej. 1 26/11/2025 Analítica